000 01180nam0a22002411 4500
001 rc\947607
005 20260407015009.0
035 _a(NLR Aleph) 006119562
090 _a5446117
_c5446117
100 _a20041129d1982 |||y0rusy50 ca
101 0 _arus
102 _aRU
105 _ay |||||||||
200 1 _aМетодические рекомендации по определению показателей оценки деятельности научно-исследовательских организаций в области строительства и промышленности строительных материалов
_fГосстрой АрмССР, НИИ стр-ва и архитектуры
_g[Разраб. Б.Х. Шахназаряном, А.А. Ждановой]
210 _aЕреван
_cАрмНИИСА
_d1982
215 _a49 с.
_d19
702 1 _aШахназарян
_bБ.Х.
_4570
712 0 2 _aАрмянский НИИ строительства и архитектуры
_cЕреван
_9504179
_3RU\NLR\AUTH\8810003448
801 0 _aRU
_bNLR
_gpsbo
801 1 _aRU
_bELAR
_2rusmarc
852 _aNLR
_j82-4/27026
942 _cBOOK
980 _aNB